[Event "Kuala Lumpur Arena op"]
[Site "Kuala Lumpur"]
[Date "2015.11.13"]
[Round "2"]
[White "Law, Tze Hong"]
[Black "Nor Zentan, Siti Raihana"]
[Result "1-0"]
[WhiteElo "1681"]
[BlackElo "1369"]
[PlyCount "83"]
[EventDate "2015.11.13"]
[EventType "swiss"]
[EventRounds "7"]
[EventCountry "MAS"]
[SourceTitle "EXT 2017"]
[Source "ChessBase"]
[SourceDate "2016.10.25"]
[SourceVersion "1"]
[SourceVersionDate "2016.10.25"]
[SourceQuality "1"]

1. c4 g6 2. g3 Bg7 3. Bg2 Nf6 4. Nf3 0-0 5. 0-0 Nc6 6. Nc3 e5 7. a3 d6 8. b4 a6 9. Bb2 Be6 10. Ng5 Bxc4 11. d3 Be6 12. Nxe6 fxe6 13. Qb3 d5 14. Rac1 Rf7 15. Na4 Nd4 16. Bxd4 exd4 17. Nc5 Qe7 18. Nxb7 Raf8 19. Bh3 e5 20. Nc5 Bh6 21. Rc2 Kh8 22. Ne6 Rg8 23. Rxc7 Qe8 24. Rxf7 Qxf7 25. Qa4 Qa7 26. Qc6 e4 27. Nc5 Rf8 28. Qxa6 Qe7 29. Qe6 Qc7 30. a4 Bg7 31. Qa6 Re8 32. Ne6 Qc2 33. Nxg7 Kxg7 34. Qa7+ Kh8 35. Qxd4 Kg7 36. Qa7+ Kg8 37. dxe4 Rxe4 38. e3 Rxb4 39. Qe7 Qc3 40. Be6+ Kh8 41. Qf8+ Ng8 42. Qxg8# 1-0